Statistics for Spot the Imposter - U.S. State Geography #1

Click here to take the quiz!

General Stats

  • This quiz has been taken 196 times
    (195 since last reset)
  • The average score is 8 of 15

Answer Stats

QuestionAnswer% Correct
These states have land included in Yellowstone National Park.Washington
74%
These states seceded from the Union and were part of the Confederacy during the Civil War.Maryland
67%
These states have barrier islands on the Atlantic coast.Pennsylvania
66%
These are current recognized territories of the United States.Panama Canal Zone
63%
These states meet at a spot known as "Four Corners."Nevada
62%
These states share a land border with Canada.Massachusetts
61%
These states border one or more of the Great LakesVermont
59%
These states have one (or two) panhandles?Arkansas
55%
These states were once independent countries.Alaska
54%
These states comprise the region of "New England."New York
54%
These states share a border with Tennessee.South Carolina
44%
Traveling Interstate 90 from Chicago to Seattle, you would travel through these states (in addition to Illinois and Washington).North Dakota
38%
Portions of these states lie in the Colorado River watershed.Idaho
31%
These Midwest states share their names with a major US river.Indiana
24%
These states include the birthplace of a US President.Delaware
13%

Score Distribution

Percentile by Number Answered

Percent of People with Each Score

Your Score History

You have not taken this quiz since the last reset